LEADER 01396nam a2200253 i 4500 001 000000059744 003 CaOOAMICUS 005 20040408000000.0 008 040408s1997 it u000 u ita u 013 $a30916 040 $aSeMil$bita 100 1 $aZastrow, Oleg.$0(OLS)http://semarc/name/13419 245 10$a397-1997 Sant'Ambrogio :$bimmagini fra Lario e Brianza /$cOleg Zastrow ; presentazione di Sua Eminenza il Cardinale Carlo Maria Martini ; profilo di Ambrogio vescovo di Gianfranco Ravasi. 260 $aOggiono (LC) :$bCattaneo,$ccopyr. 1997. 300 $a231 p. :$briccamente ill. ;$c32 cm. 500 $aContiene : Bibliografia. - A pič del front. : Banca Popolare di Lecco. 650 4$aAmbrogio - Iconografia - Brianza.$0(OLS)http://semarc/subject/11965 650 4$aAmbrogio - Iconografia - Lago di Como.$0(OLS)http://semarc/subject/11966 700 1 $aMartini, Carlo Maria,$c.$0(OLS)http://semarc/name/89159 700 1 $aRavasi, Gianfranco,$c.$0(OLS)http://semarc/name/244 850 $aSeMil 852 $aSeMil$W1$xVenegono$y1$m5O X 7$j25897$B25897$CSeMilBibl$Z2$F25900 $8I 996 $6245$a397-1997 Sant'Ambrogio :$bimmagini fra Lario e Brianza$9(OLS)http://semarc/title/93398 996 $6260$aOggiono (LC) :$bCattaneo$9(OLS)http://semarc/publisher/33326 LEADER 00912nam a2200229 i 4500 001 000000201076 003 CaOOAMICUS 005 20240516124232.0 008 110419s19uu it u000 u ita u 013 $a179777 040 $aSeMil$bita 100 1 $aRotta, Paolo,$c.$0(OLS)http://semarc/name/89556 245 12$aL'iniziativa di Giuliano Imperator ed il suo significato sociale /$cPaolo Rotta. 260 $a[S.l. :$bs.n.,$c190?] 300 $aP. 659-677 ;$c23 cm. 500 $aEstratto da «La rassegna nazionale», vol. 124. 773 0 $t[Miscellanea.$w()24790 850 $aSeMil 852 $aSeMil$W1$xVenegono$y1$m5B II 3/23 FA$j248242$B151605$CSeMilBibl$Z2$F162804 $8I 996 $6245$aL'iniziativa di Giuliano Imperator ed il suo significato sociale$9(OLS)http://semarc/title/290925 996 $6260$a[S.l. :$bs.n.$9(OLS)http://semarc/publisher/31686